[Event "Osijek-ch op"]
[Site "Osijek"]
[Date "2011.02.26"]
[Round "6"]
[White "Kurtovic, Leon"]
[Black "Batkovic, Ivica"]
[Result "0-1"]
[WhiteElo "1630"]
[BlackElo "1687"]
[PlyCount "80"]
[EventDate "2011.02.24"]
[EventType "swiss"]
[EventRounds "7"]
[EventCountry "CRO"]
[SourceTitle "EXT 2012"]
[Source "ChessBase"]
[SourceDate "2011.11.24"]
[SourceVersion "1"]
[SourceVersionDate "2011.11.24"]
[SourceQuality "1"]

1. e4 e6 2. d4 d5 3. e5 c5 4. Nf3 Qb6 5. Nc3 Bd7 6. b3 cxd4 7. Na4 Bxa4 8. bxa4 Bc5 9. Bb5+ Nc6 10. 0-0 a6 11. Bxc6+ Qxc6 12. Nxd4 Bxd4 13. Qxd4 Qxc2 14. Ba3 Qc4 15. Rfd1 Qxd4 16. Rxd4 Ne7 17. Bxe7 Kxe7 18. Rc1 Rac8 19. Rxc8 Rxc8 20. f4 Rc4 21. Rd2 Rxa4 22. Rb2 b5 23. g4 Rxf4 24. h3 f6 25. exf6+ gxf6 26. Kg2 Kd6 27. Re2 d4 28. Kg3 e5 29. a4 bxa4 30. g5 fxg5 31. Kg2 h5 32. Rd2 Kd5 33. h4 Rxh4 34. Rd3 e4 35. Rh3 Rxh3 36. Kxh3 a3 37. Kh2 a2 38. Kh3 Ke5 39. Kg3 a1Q 40. Kh3 Qc3+ 0-1